Italy : (Record no. 18141)

000 -LEADER
fixed length control field 01303cam a22003254a 4500
001 - CONTROL NUMBER
control field 13054228
005 - DATE AND TIME OF LATEST TRANSACTION
control field 20161202155245.0
008 - FIXED-LENGTH DATA ELEMENTS--GENERAL INFORMATION
fixed length control field 030110s2004 nyuab 001 0 eng
010 ## - LIBRARY OF CONGRESS CONTROL NUMBER
LC control number 2003000440
020 ## - INTERNATIONAL STANDARD BOOK NUMBER
International Standard Book Number 1566565103 (pbk.)
040 ## - CATALOGING SOURCE
Original cataloging agency DLC
Transcribing agency DLC
Modifying agency DLC
042 ## - AUTHENTICATION CODE
Authentication code pcc
043 ## - GEOGRAPHIC AREA CODE
Geographic area code e-it---
050 00 - LIBRARY OF CONGRESS CALL NUMBER
Classification number N6914.P68 2004
Item number .P68 2004
082 00 - DEWEY DECIMAL CLASSIFICATION NUMBER
Edition number 21
100 1# - MAIN ENTRY--PERSONAL NAME
Personal name Morrow, Ann,
Dates associated with a name 1952-
245 10 - TITLE STATEMENT
Title Italy :
Remainder of title the essential guide to viewing Italian Renaissance Art /
Statement of responsibility, etc. Ann Morrow and John Power ; illustrations by Matt Morrow and Erin Round.
260 ## - PUBLICATION, DISTRIBUTION, ETC. (IMPRINT)
Place of publication, distribution, etc. New York :
Name of publisher, distributor, etc. Interlink Books,
Date of publication, distribution, etc. 2004.
300 ## - PHYSICAL DESCRIPTION
Extent 311 p. :
Other physical details ill. (some col.), maps ;
Dimensions 20 cm.
440 #0 - SERIES STATEMENT/ADDED ENTRY--TITLE
Title Art for travellers
500 ## - GENERAL NOTE
General note Includes index.
650 #0 - SUBJECT ADDED ENTRY--TOPICAL TERM
Topical term or geographic name as entry element Art, Italian
Form subdivision Guidebooks.
650 #0 - SUBJECT ADDED ENTRY--TOPICAL TERM
Topical term or geographic name as entry element Art, Renaissance
Geographic subdivision Italy
Form subdivision Guidebooks.
650 #0 - SUBJECT ADDED ENTRY--TOPICAL TERM
Topical term or geographic name as entry element Art, Baroque
Geographic subdivision Italy
Form subdivision Guidebooks.
651 #0 - SUBJECT ADDED ENTRY--GEOGRAPHIC NAME
Geographic name Italy
Form subdivision Guidebooks.
700 1# - ADDED ENTRY--PERSONAL NAME
Personal name Power, John,
Dates associated with a name 1951-
906 ## - LOCAL DATA ELEMENT F, LDF (RLIN)
a 7
b cbc
c orignew
d 1
e ecip
f 20
g y-gencatlg
942 ## - ADDED ENTRY ELEMENTS (KOHA)
Source of classification or shelving scheme
Koha item type Hard Covered Materials
Classification part N6914.P68 2004
Holdings
Withdrawn status Lost status Source of classification or shelving scheme Damaged status Not for loan Home library Current library Shelving location Date acquired Source of acquisition Total Checkouts Full call number Barcode Date last seen Price effective from Koha item type
          MACHAKOS UNIVERSITY LIBRARY MACHAKOS UNIVERSITY LIBRARY Open shelf 02/12/2016 Donation(B.F.A)   N6914.P68 2004 28542 02/12/2016 02/12/2016 Hard Covered Materials
© Machakos University Library, Along The Highway, Machakos Wote Rd, Machakos, Kenya P.O. Box 136 - 90100 Machakos - Kenya

Tel: ( +254 ) 723 805829 OR Fax : 044-20353 OR Email: library@mksu.ac.ke